Teoretické vymedzenie pojmu verejná diplomacia

Teoretické rozpracovanie pojmu verejná diplomacia. Charakteristika verejnej diplomacie podľa vybraných autorov. Nová verejná diplomacia. PR a verejná diplomacia.

Salvato in:
Dettagli Bibliografici
Autore principale: Zvončeková, Janka
Natura: Capitolo di libro
Lingua:slovacco
Soggetti:
Tags: Aggiungi Tag
Nessun Tag, puoi essere il primo ad aggiungerne!!

MARC

LEADER 00000nla a2200000 4500
001 0207295
005 20240502073438.2
041 0 |a slo 
044 |a SK 
245 1 0 |a Teoretické vymedzenie pojmu verejná diplomacia  |c Janka Zvončeková 
520 |a Teoretické rozpracovanie pojmu verejná diplomacia. Charakteristika verejnej diplomacie podľa vybraných autorov. Nová verejná diplomacia. PR a verejná diplomacia. 
610 2 0 |a diplomacia 
610 2 0 |a diplomati 
610 2 0 |a vzťahy zahraničné 
610 2 0 |a vzťahy medzinárodné 
610 2 0 |a politika zahraničná 
610 2 0 |a práca s verejnosťou 
610 2 0 |a komunikácia 
100 1 |a Zvončeková, Janka